000 00946nam a2200253Ia 4500
999 _c37930
_d37930
001 3909
003 GE_BSU
005 20190906164954.0
008 181216s1970||||ge |||||||||||||| ||geo||
040 _cGE_BSU
041 _ageo
080 _a1(092)+7(092) ჩ–96
100 _aჩხარტიშვილი, ა.
_93917
245 _aგ. ვ. პლეხანოვის ესთეტიკური შეხედულებანი /
_cრედ. ბ. თავაძე
264 _aთბ. :
_bსაბჭ. საქართველო,
_c1970.
300 _a245 გვ. ;
_b21 სმ.
500 _aშენიშვნები: 228-244.
541 _h1ლ. 50 თ.
600 _aპლეხანოვი გ.ვ.
_93918
653 _aპლეხანოვი, გ.ვ.
653 _aესთეტიკა
700 _aთავაძე, ბ.
_eრედაქტორი
_93919
942 _cBK
_2udc